000 nam a22 7a 4500
999 _c7223
_d7223
008 170731b xxu||||| |||| 00| 0 eng d
100 _93799
_aFortune
245 _aEncyclopedia of Animals
260 _aNew Delhi
_bFortune Books
_c2004